00300nam a2200109Ia 4500008004100000041000800041082002300049100002000072245005800092260003200150300000800182230411s9999 xx 000 0 und d aeng aF/613.7/HAR/B01907 aHardinge Mervyn aFamily Medical Guide to Health and Fitness : Volume 1 bPacific pressaCanadac1991 a48p